1826 1450 1505 1938 1105 1673 1158 1490 1492 1030 1426 1462 1792 1738 1539 1423 1953 1443 1400 1395 1605 1224 1637 1827 1692 1698 1323 1913 1359 1714 1921 1263 1010 1330 1087 1917 1793 1455 1855 1558 1139 1663 1416 1577 1226 1674 1428 1020 1643 1850 1076 1422 1908 1299 1158 1308 1112 1760 1548 1304 1628 1922 1916 1495 1293 1289 1111 1238 1588 1782 1393 1043 1062 1035 1140 1385 1318 1826 1249 1793 1666 1912 1792 1798 1686 1125 1670 1586 1974 1343 1961 1883 1035 1514 1029 1827 1388 1473 1888 BCNSPRNW ULIB Ver.6.0+V

เปลี่ยนเป็นภาษาไทย

Change to English
 แสดงรายละเอียดบรรณานุกรม
  กลับหน้าหลัก

Brief Record : Get Marc (ISO 2709) : E-mail record : QR code < ปิดหน้าต่าง
LEADER : 00000nam 2200000uu 4500
001    13399113581
003     ULIB
008    110627s2553||||th 000 0 tha d
020    9786160601547
090    นว.^bไม่พบรหัส 2553
100 0  Tiara
245 00 ความรู้สึกดีที่เรียกว่ารัก : กับดักรัก/^cTiara
250    พิมพ์ครั้งที่ 1
260    กรุงเทพฯ :^bแจ่มใส,^c2553
300    300 หน้า
710 1  แจ่มใส
945    ^p189^l0^i028060
995    ทศพร
999 ^a ใช้งานได้ทุกระบบ
รายการนี้ยังไม่มีแท็ก
คุณยังไม่ได้ล็อกอิน คุณสามารถมีกิจกรรมร่วมกับเว็บไซต์ได้ แต่ต้องล็อกอินก่อน ::
  ล็อกอิน

รายการสื่อสารสนเทศ

ลำดับที่ ประเภท เลขเรียก/บาร์โค้ด สถานที่ สถานะ
1. นวนิยาย
นวนิยาย
นว. ไม่พบรหัส 2553 ฉ.1 
  Barcode: 028060
ห้องสมุดวิทยาเขตสวรรค์ประชารักษ์
►นวนิยาย
บนชั้น
  ขอยืม

รายการใกล้เคียง
    ผู้แต่ง [Tiara]

BibComment


ยังไม่เคยถูกคอมเมนท์

คอมเมนท์ทรัพยากรรายการนี้
  คอมเมนท์: ความรู้สึกดีที่เร..


 Copyright 2026. Bcnsprnw @Library